Guess the FC Barcelona coach - Statistics

General Stats
  • This quiz has been taken 31 times
  • The average score is 9 of 16
Answer Stats
Picture Answer % Correct
Hansi Flick
100%
Pep Guardiola
100%
Luis Enrique
97%
Xavi
97%
Ronald Koeman
93%
Johan Cruyff
83%
Frank Rijkaard
76%
Louis van Gaal
76%
Ernesto Valverde
72%
Quique Setién
41%
Tito Vilanova
38%
Gerardo Martino
34%
Radomir Antić
14%
Jordi Roura
7%
László Kubala
7%
Luis Aragonés
7%
No matching quizzes found
Score Distribution
Percent of People with Each Score
Percentile by Number Answered
Your Score History
You have not taken this quiz